000 00759nas a2200241 454500
001 16058
005 20260407193505.0
008 260407s1991####ag###########|||spa#d
003 AR-UNSa-BCEJYS
040 _aAR-UNSa-BCEJYS
_bspa
_cAR-UNSa-BCEJYS
080 _a336.2
_xIngresos públicos (Derecho tributario)
245 1 0 _aDerecho tributario
264 1 _aBuenos Aires :
_bEdiciones Interoceánicas
_c1991
310 _aFrecuencia: Mensual
041 _aspa
942 _cSER
590 _aniveau_biblio:s niveau_hierar:1
100 1 _aAtchabahian, Adolfo
650 _aHacienda pública
650 _aTributación
650 _aIMPUESTOS
856 4 1 _uhttps://biblioeco.unsa.edu.ar/pmb/images/revistas/Derecho Tributario.jpg
_yImagen de portada
_qimage/jpeg
999 _c8485
_d8485